Guess the Authors - Statistics

General Stats
  • This quiz has been taken 16 times
  • The average score is 8 of 11
Answer Stats
Picture Answer % Correct
Mark Twain
100%
Stephen King
100%
William Shakespeare
100%
J K Rowling
93%
Oscar Wilde
93%
Charles Dickens
80%
Homer
60%
Ernest Hemmingway
40%
James Joyce
40%
Voltaire
40%
Jack Kerouac
27%
No matching quizzes found
Score Distribution
Percent of People with Each Score
Percentile by Number Answered
Your Score History
You have not taken this quiz